Central Library OPAC University of Rajshahi

ভারতবর্ষের কৃষি অর্থনীতি / (Record no. 61510)

MARC details
000 -LEADER
fixed length control field 01014nam a2200241 a 4500
001 - CONTROL NUMBER
control field 61510
003 - CONTROL NUMBER IDENTIFIER
rucl marc code BD-RjUL
005 - DATE AND TIME OF LATEST TRANSACTION
control field 20211209080955.0
008 - FIXED-LENGTH DATA ELEMENTS--GENERAL INFORMATION
fixed length control field 170118r19871985xxu||||| |||| 001 0 ben d
020 ## - INTERNATIONAL STANDARD BOOK NUMBER
International Standard Book Number 8170665292
Terms of availability : IRs 30.00
035 ## - SYSTEM CONTROL NUMBER
System control number (BD-RjUL)61634
040 ## - CATALOGING SOURCE
Original cataloging agency BD-RjUL
Language of cataloging ben
Transcribing agency BD-RjUL
041 ## - LANGUAGE CODE
Language code of text/sound track or separate title ben
082 ## - DEWEY DECIMAL CLASSIFICATION NUMBER
Edition number 23
Classification number 338.10954
Author mark and year RUB 1987
100 ## - MAIN ENTRY--PERSONAL NAME
Personal name রুদ্র, অশোক
9 (RLIN) 171585
245 10 - TITLE STATEMENT
Title ভারতবর্ষের কৃষি অর্থনীতি /
Statement of responsibility, etc. অশোক রুদ্র
260 ## - PUBLICATION, DISTRIBUTION, ETC. (IMPRINT)
Place of publication, distribution, etc. কলকাতা :
Name of publisher, distributor, etc. আনন্দ পাবলিশার্স প্রাইভেট লিমিটেড,
Date of publication, distribution, etc. ১৯৮৫ [মুদ্রণ ১৯৮৭]
300 ## - PHYSICAL DESCRIPTION
Pagination [১০], ১৪৬ পৃ. ;
Size ২১ সেমি.
650 ## - SUBJECT ADDED ENTRY--TOPICAL TERM
Topical term or geographic name as entry element কৃষি অর্থনীতি
Geographic subdivision ভারত
9 (RLIN) 183309
Topical term or geographic name as entry element Agricultural Economics
Geographic subdivision India
9 (RLIN) 183310
700 ## - ADDED ENTRY--PERSONAL NAME
Personal name দত্ত, ভবতোষ, সম্পাদক
942 ## - ADDED ENTRY ELEMENTS (KOHA)
Source of classification or shelving scheme Dewey Decimal Classification
Koha item type Books
Holdings
Lost status Source of classification or shelving scheme Damaged status Not for loan Collection code Permanent Location Current Location Shelving location Date acquired Source of acquisition Cost, normal purchase price Total Checkouts Full call number Date last seen Copy number Koha item type
  Dewey Decimal Classification   Not For Loan Non-fiction Central Library, University of Rajshahi Central Library, University of Rajshahi Reading Room 29/01/1997 Ankur Prokasoni, Dhaka 30.00   B 338.10954 RUB 1987 18/01/2017 C-1 Books